000 nam a22 a 4500
999 _c1059
_d1059
003 AKMAL
005 20170508115100.0
008 170508s2008 my | e l 000 0 eng
020 _a9677011308 (pbk.) :
_cRM15.00
040 _aAKMAL
082 0 4 _a343.595056 MAL
_222
090 0 0 _a343.595056
_bMAL
110 1 _aMalaysia
_9400
245 1 0 _aCustoms Duties (Exemption) Order :
_ball amendments up to May, 2008 /
_ccompiled by MDC Legal Advisers
260 _aKuala Lumpur :
_bMDC Publishers,
_c2008
300 _a58p. ;
_c20cm.
490 1 _aLaws of Malaysia
650 1 0 _aTariff
_xLaw and legislation
_zMalaysia
_920
650 2 0 _aSales tax
_xLaw and legislation
_zMalaysia
_9621
650 2 0 _aTariff
_xTerminology and classification
_zMalaysia
_92218
710 2 _aPenasihat Undang-Undang MDC
_9405
830 0 _aLaws of Malaysia
_91830
942 _2ddc
_cBOOK
950 _lAKMAL